[Event "DESC op G03 email"]
[Site "DESC email"]
[Date "2002.??.??"]
[Round "?"]
[White "Holschuh, Klaus"]
[Black "Salz, Heinrich"]
[Result "1-0"]
[WhiteElo "1827"]
[BlackElo "1558"]
[PlyCount "33"]
[EventDate "2002.??.??"]
[EventType "tourn (corr)"]
[EventRounds "6"]
[EventCountry "GER"]
[SourceTitle "Corr 2004"]
[Source "ChessBase"]
[SourceDate "2003.04.28"]
[SourceVersion "3"]
[SourceVersionDate "2003.04.28"]
[SourceQuality "1"]

1. e4 e5 2. Nf3 d6 3. d4 Nd7 4. Bc4 b6 5. dxe5 Nxe5 6. Nxe5 dxe5 7. Bxf7+ Kxf7 8. Qxd8 Bb4+ 9. Nd2 Bb7 10. Qxc7+ Ne7 11. c3 Rhc8 12. Qxb7 Bc5 13. Nf3 Bd6 14. Qd7 Bc5 15. Nxe5+ Kg8 16. Qe6+ Kh8 17. Nf7+ 1-0

[Event "DESC op G03 email"]
[Site "DESC email"]
[Date "2002.??.??"]
[Round "?"]
[White "Salz, Heinrich"]
[Black "Heyn, Wolfgang"]
[Result "0-1"]
[WhiteElo "1558"]
[BlackElo "1925"]
[PlyCount "38"]
[EventDate "2002.??.??"]
[EventType "tourn (corr)"]
[EventRounds "6"]
[EventCountry "GER"]
[SourceTitle "Corr 2004"]
[Source "ChessBase"]
[SourceDate "2003.04.28"]
[SourceVersion "3"]
[SourceVersionDate "2003.04.28"]
[SourceQuality "1"]

1. e4 e5 2. b3 Nf6 3. Nc3 Bc5 4. Nh3 d6 5. g3 Bd4 6. Bg2 Bxh3 7. Bxh3 Nxe4 8. Bg2 Nxc3 9. dxc3 Bxc3+ 10. Bd2 Bxa1 11. Bxb7 Nd7 12. Bxa8 Qxa8 13. 0-0 Bd4 14. Qe2 0-0 15. Ba5 Bb6 16. Qb5 Nc5 17. b4 Ne4 18. a4 Ng5 19. Bxb6 Nh3# 0-1